| 000 | 00613nam a2200217Ii 4500 | ||
|---|---|---|---|
| 001 | 9692 | ||
| 003 | CO-ViMGA | ||
| 008 | 241108s9999||||xx |||||||||||||| ||und|| | ||
| 020 | _a8420437689 | ||
| 040 |
_aCO-ViMGA _bspa _erda _cCO-ViMGA |
||
| 041 | 0 | _aspa | |
| 084 | _aC JAN1h | ||
| 100 | 1 |
_aJanosch _948385 |
|
| 245 | 1 | 0 |
_aHabia una vez un gallo: _buna historia no verdadera |
| 264 | 1 | _aMadrid, EspaƱa : Alfaguara, 1986 | |
| 300 | _avolumen | ||
| 336 |
_atext _btxt _2rdacontent |
||
| 337 |
_aunmediated _bn _2rdamedia |
||
| 338 |
_avolume _bnc _2rdacarrier |
||
| 940 | _aidficha_siabuc: 9478. -- ficha_no_siabuc:9692 | ||
| 999 |
_c43027 _d43027 |
||